Cost management : (Record no. 2648)
[ view plain ]
| 000 -LEADER | |
|---|---|
| fixed length control field | 00830cam a22001814a 4500 |
| 020 ## - INTERNATIONAL STANDARD BOOK NUMBER | |
| ISBN | 0072299029 (alk. paper) |
| 050 00 - CALL NUMBER | |
| Classification number | HF5657.4 |
| Item number | .H548 2000 |
| 100 1# - AUTHOR | |
| Personal name | Hilton, Ronald W. |
| 245 10 - TITLE | |
| Title | Cost management : |
| Remainder of title | strategies for business decisions / |
| Statement of responsibility, etc | Ronald W. Hilton, Michael W. Maher, Frank H. Selto. |
| 260 ## - PUBLICATION INFORMATION | |
| Place of publication | Boston : |
| Name of publisher | Irwin/McGraw-Hill, |
| Year of publication | c2000. |
| 300 ## - DESCRIPTION | |
| Number of Pages | xlvi, 962 p. : |
| Other physical details | col. ill. ; |
| Dimensions | 29 cm. |
| 505 ## - FORMATTED CONTENTS NOTE | |
| Table of Content | setting the stage: the importance of analysing and managing goods<br/>cost management <br/>Process management and decision making: identifying opportunities for improvement<br/>Financial and operational budgeting and performance analysis<br/>Evaluating and managing performance |
| 650 #0 - SUBJECTS | |
| Topical Term | Managerial accounting. |
| 650 #0 - SUBJECTS | |
| Topical Term | Cost accounting. |
| 700 1# - OTHER AUTHORS | |
| Personal name | Maher, Michael, |
| 700 1# - OTHER AUTHORS | |
| Personal name | Selto, Frank H. |
| 942 ## - ADDED ENTRY ELEMENTS (KOHA) | |
| Koha item type | Books |
| Withdrawn status | Lost status | Collection code | Home library | Current library | Shelving location | Date acquired | Full call number | Accession Number | Koha item type |
|---|---|---|---|---|---|---|---|---|---|
| Reference | Methodist University Library Main | Methodist University Library Main | General Stacks | HF5657.4 .H548 2000 | 10627 | Books | |||
| Methodist University Library Main | Methodist University Library Main | General Stacks | HF5657.4 .H548 2000 | 10628 | Books |